La economía cubana : reformas estructurales y desempeño en los noventa /

Análisis crítico de la reforma económica puesta en marcha por el gobierno cubano en la década de los 90, con la intención de enfrentar la grave crisis generada por el fin del apoyo soviético -tras la caída del Muro de Berlín- y el embargo norteamericano.

Guardat en:
Dades bibliogràfiques
Format: Llibre
Idioma:espanyol
Publicat: México : Suecia : Comisión Económica para América Latina y el Caribe : Fondo de Cultura Económica ; Agencia Sueca de Desarrollo Internacional, 2000, c2000
Edició:2a edición
Col·lecció:(Economía Latinoamericana)
Matèries:
Etiquetes: Afegir etiqueta
Sense etiquetes, Sigues el primer a etiquetar aquest registre!

MARC

LEADER 00000nam^a2200000^a^4500
001 000126719
005 20250521000000.0
009 20260310094737.056
020 |a 968-16-6215-6 
037 |a Acervo ITESO - Biblioteca 
041 |a ESP 
082 |a 330. 97291064  |b ECO 
245 0 3 |a La economía cubana :  |b reformas estructurales y desempeño en los noventa / 
250 |a 2a edición 
264 4 |a México :  |b Comisión Económica para América Latina y el Caribe :  |b Fondo de Cultura Económica ;  |a Suecia :  |b Agencia Sueca de Desarrollo Internacional,  |c 2000, c2000 
300 |a 795 p. 
336 |a texto  |b txt  |2 rdacontenido 
337 |a sin mediación  |b n  |2 rdamedio 
338 |a volumen  |b nc  |2 rdasoporte 
440 1 |a (Economía Latinoamericana) 
520 |a Análisis crítico de la reforma económica puesta en marcha por el gobierno cubano en la década de los 90, con la intención de enfrentar la grave crisis generada por el fin del apoyo soviético -tras la caída del Muro de Berlín- y el embargo norteamericano. 
649 |a XX 
650 |a Reforma Económica -  |z Cuba -  |x Historia -  |y 1990-1999 -  |x Tema Principal 
650 |a Desarrollo Económico-Social -  |z Cuba -  |x Historia -  |y 1990-1999 
650 |a Política Económica -  |z Cuba -  |x Historia -  |y 1990-1999 
650 |a Economía -  |z Cuba -  |x Historia -  |y 1990-1999 
650 |a Economía -  |z Cuba -  |x Historia -  |y 1959-2006 
650 |a Cuba -  |x Condiciones Económicas 
910 |a Fondo General 
920 |a Impresos - Libros 
930 |a Colección General 
905 |a 101 
901 |a 0500058808  |b IT1  |c ACC  |u 20250521 
902 |a https://opac.biblio.iteso.mx/vufind/Record/000126719